000
00303nam a2200133Ia 4500
008
191201s2013 xx 000 0 und d
100
_a
MEDNIEKS,Zigurd
245
0
_a
Programming Android
250
_a
Rep
260
_c
2013
_b
OREILLY SPD
_a
New Delhi
300
_a
542
650
_a
MCA
942
_2
ddc
_c
BB
999
_c
7748
_d
7748